• 首页
  • 本馆介绍
  • 公告通知
  • 最新文献
  • 馆藏检索
  • 电子资源
  • 读者导购
  • 参考咨询
  • 我的图书馆
  • 登录
  • 详细信息显示
  • 放入我的书架
  • 预约/预借图书
  • 作者相关作品
  • 分类相关作品
  • 丛书相关作品
  • 出版社相关作品

书目信息

  • 表格格式
  • 工作单格式
  • 卡片格式
题名:
校园秘史
    
 
作者: 戴德 , Tartt 著 ;程虹 译
分册:  
出版信息: 北京   中国文联出版公司  1995
页数: 683页
开本: 19cm
丛书名:
单 册:
中图分类: I712.45 , I712.4
科图分类:
主题词: 长篇小说--美国--现代 , 长篇小说
电子资源:
ISBN: 7-5059-2094-4
000 00769nam0 2200265 450
001 1536834520
005 20150125101444.87
010    @a7-5059-2094-4@dCNY22.60
100    @a19960719d1995 em y0chiy0110 ea
101 1  @achi@aeng
102    @aCN@b110000
105    @ay z 000ay
200 1  @a校园秘史@9xiao yuan mi shi@dThe Secret History@f(美)丹娜·戴德(Dona Tartt)著@g程虹等译@zeng
210    @a北京@c中国文联出版公司@d1995
215    @a683页@d19cm
510 1  @aThe Secret History@zeng
606 0  @a长篇小说@y美国@z现代
606 0  @a长篇小说
690    @aI712.45@v5
690    @aI712.4@v4
701  1 @a戴德@9dai de@b丹娜@4著
701  1 @aTartt@bDona@4著
702  0 @a程虹@9cheng hong@4译
801  0 @aCN@bTSSF@c20150125
905    @aZUCC@dI712.4@eJY100
    
    校园秘史=The Secret History/(美)丹娜·戴德(Dona Tartt)著/程虹等译.-北京:中国文联出版公司,1995
    683页;19cm
    
    
    ISBN 7-5059-2094-4:CNY22.60
    
●
相关链接 在E读中查询图书 在五车中查询图书 在当当中查询图书 在豆瓣中查询图书


正题名:校园秘史     索取号:I712.4/JY100         预约/预借

序号 登录号 条形码 馆藏地/架位号 状态 备注
1 7855568   278555680   学院路分馆/ [索取号:I712.4/JY100] 在馆    
2 7855569   278555699   学院路分馆/ [索取号:I712.4/JY100] 在馆    
唐山师范学院图书馆 欢迎您!
大连网信软件有限公司© 版权所有